Cumhuriyeti çürütenler (Record no. 7677)

MARC details
000 -BAŞLIK
Sabit Uzunlukta Kontrol Alanı 00734na a2200265 4500
001 - KONTROL NUMARASI
Denetim Alanı 15284
003 - KONTROL NUMARASI IDENTIFIER
Denetim Alanı MIRAKIL
005 - SON İŞLEM TARİHİ VE ZAMANI
Denetim Alanı 20181213155146.0
008 - SABİT-BOY VERİ ELEMANLARI - GENEL BİLGİLER
Sabit Uzunlukta Kontrol Alanı 161024b tu 000 0
020 ## - ULUSLARARASI STANDART KİTAP NUMARASI
Uluslararası Standart Kitap Numarası 97594906103
035 ## - SİSTEM KONTROL NUMARASI
Sistem Kontrol Numarası 15284
040 ## - KATALOGLAMA KAYNAK
Orijinal Kataloglama Ajansı Milas
Kataloglama Dili tur
Metne Dönüştürmek Ajansı TR-AnCHP
041 ## - DİL KODU
Metin / Ses Parça Veya Ayrı Başlığın Dil Kodu tur
082 ## - DEWEY ONLU SINIFLANDIRMA NUMARASI
Sınıflandırma Numarası 320.04
Ürün Numarası Ü57c [1999]
090 ## - SINIFLAMA NUMARASI
Sınıflama Numarası 320.04 Ü57c [1999]
100 ## - ANA GİRİŞ - KİŞİSEL İSİM
Kişisel Ad Ünsal, Niyazi
245 ## - BAŞLIK TABLOSU
Başlık Cumhuriyeti çürütenler
Sorumluluk Tablosu, Vb Niyazi Ünsal
260 ## - YAYIN, DAĞITIM, VB
Yayın, Dağıtım, Vb Yeri Ankara
Yayıncı, Dağıtıcı, Vs Adı [yayl.y.]
Yayın, Dağıtım, Vb Tarihi [1999]
Üretici Firma Şahin Matbaası
300 ## - FİZİKSEL TANIM
Kapsam 779 s.
Boyutlar 20 sm.
500 ## - GENEL NOT
Genel Not Yapıt yazarından imzalıdır.
650 ## - KONU KATMA GİRİŞ - TOPİKAL DÖNEM
Topikal Süreli Veya Coğrafi Ad Giriş Elemanı Gülen cemaati
Genel Alt Bölümü Denemeler
651 ## - KONU KATMA GİRİŞ - COĞRAFİ ADI
Coğrafi İsim Türkiye
Genel Alt Bölümü Siyasal yaşam
Kronolojik Alt Bölümü Denemeler
651 ## - KONU KATMA GİRİŞ - COĞRAFİ ADI
Coğrafi İsim Siyasal denemeler
942 ## - EKLENDİ GİRİŞ ELEMANLARI (KOHA)
Sınıflandırma Veya Raf Düzeni Kaynak Dewey Decimal Classification
Koha Öğesi Türü Books
999 ## - SİSTEM KONTROL NUMARALARI (KOHA)
Koha Biblionumber 7677
Koha Biblioitemnumber 7677
Holdings
Kalıcı Konum Mevcut Konum Edinme Tarihi Edinim Kaynak Toplam Check-Out'Lar Tam Çağrı Numarası Barkod Tarih Son Görülme İtibaren Geçerli Fiyatlar Koha Öğesi Türü Kopya Sayısı
CHP Kütüphanesi CHP Kütüphanesi 09/07/2016 Bağış   320.04 Ü57c [1999] 003345 09/07/2016 09/07/2016 Books  
CHP Kütüphanesi CHP Kütüphanesi 10/24/2016 Bağış   320.04 Ü57c [1999] 009001 10/24/2016 10/24/2016 Books k.2